| 000 | 00442nam a2200157Ia 4500 | ||
|---|---|---|---|
| 008 | 240729s9999 xx 000 0 und d | ||
| 022 | _a2575-9019 | ||
| 245 | 0 | _aTraditional Medicine and Modern Medicine | |
| 260 | _aSingapore | ||
| 260 | _bWorld Scientific Publishing | ||
| 650 | _a Other systems of medicine | ||
| 650 | _aMedicine | ||
| 856 | _uhttps://doaj.org/toc/11084de089174aa9a836e37d0c5292ef | ||
| 942 | _2ddc | ||
| 942 | _cDOAJEJ | ||
| 999 |
_c70083 _d70083 |
||
| 945 |
_a1 _bMadushi Gamage _c1 _dMadushi Gamage |
||